000 01027cam a22003257a 4500
003 CHAP
005 20220329142849.0
008 041004d2003 mx r 00110 spa d
010 _a88881
011 _a89853
020 _a9681815475
035 _a100404
040 _cCHAP
082 0 4 _a465.3
_bM2
100 0 0 _aMaqueo, Ana María.
_971139
245 1 0 _aOrtografía
_c/por Ana María Maqueo
260 _aMéxico, D.F. :
_bLimusa,
_c2003.
300 _a298 p.
590 _aBATCH-UPD
_b10
_c20130110
_lUCH01
_h0346
590 _aBATCH-UPD
_b10
_c20130410
_lUCH01
_h0020
590 _aBATCH-UPD
_b10
_c20130914
_lUCH01
_h1321
590 _aCONVERSION
_b10
_c20130109
_lUCH01
_h1349
650 1 4 _aEspañol
_xOrtografía y redacción.
_937739
650 1 4 _aOrtografía.
_984103
901 _aBK
905 _aAlejandra Carrasco M.
942 _cLIBRO
949 _a465.3 M2
_bBC
_cLIBRO
_d33724000796025
_eLIBRO
_h104702
_i100404
_si
_t$ 59.00
949 _a465.3 M2
_bBC
_cLIBRO
_d33724000796140
_eLIBRO
_fc.2
_h104703
_i100404
_si
_t$ 59.00
999 _c88881
_d88881